Makroekonomické vplyvy subvenčnej politiky na výkonnosť a dôchodkovosť poľnohospodárstva
Subvencovanie v agrárnych politikách poukazuje na značnú diferenciáciu a špecifiká jednotlivých krajín. Subvenčno-dotačná politika na Slovensku do poľnohospodárstva má klesajúci trend. Orientácia slovenskej dotačnej politiky na politiku krajín EÚ. Transformačný proces poľnohospodárstva.
Gespeichert in:
| 1. Verfasser: | |
|---|---|
| Format: | Buchkapitel |
| Sprache: | Slowakisch |
| Schlagworte: | |
| Tags: |
Keine Tags, Fügen Sie das erste Tag hinzu!
|
MARC
| LEADER | 00000naa a2200000 4500 | ||
|---|---|---|---|
| 001 | r017407 | ||
| 005 | 20221129134044.0 | ||
| 041 | 0 | |a slo | |
| 044 | |a CZ | ||
| 245 | 1 | 0 | |a Makroekonomické vplyvy subvenčnej politiky na výkonnosť a dôchodkovosť poľnohospodárstva |c Peter Bielik |
| 520 | |a Subvencovanie v agrárnych politikách poukazuje na značnú diferenciáciu a špecifiká jednotlivých krajín. Subvenčno-dotačná politika na Slovensku do poľnohospodárstva má klesajúci trend. Orientácia slovenskej dotačnej politiky na politiku krajín EÚ. Transformačný proces poľnohospodárstva. | ||
| 610 | 2 | 0 | |a dotácie |
| 610 | 2 | 0 | |a subvencie |
| 610 | 2 | 0 | |a poľnohospodárstvo |
| 610 | 2 | 0 | |a Slovensko |
| 610 | 2 | 0 | |a Európska únia |
| 610 | 2 | 0 | |a transformácia |
| 610 | 2 | 0 | |a politika poľnohospodárska |
| 100 | 1 | |a Bielik, Peter | |